书目信息 |
| 题名: |
地铁规划预留及实施关键技术
|
|
| 作者: | ;北京城建设计研究总院公司 编著 | |
| 分册: | ||
| 出版信息: | 北京 中国建筑工业出版社 2008 |
|
| 页数: | 162页 | |
| 开本: | 26cm | |
| 丛书名: | ||
| 单 册: | ||
| 中图分类: | U231 | |
| 科图分类: | ||
| 主题词: | 地下铁道--de xia tie dao--铁路工程--上海市 | |
| 电子资源: | ||
| ISBN: | 978-7-112-10174-0 | |
| 000 | 01093nam0 2200229 450 | |
| 001 | 0100000698 | |
| 005 | 20191105102817.98 | |
| 010 | @a978-7-112-10174-0@dCNY30.00 | |
| 100 | @a20090304d2008 em y0chiy50 ea | |
| 101 | 0 | @achi |
| 102 | @aCN@b110000 | |
| 105 | @aab z 000yy | |
| 200 | 1 | @a地铁规划预留及实施关键技术@Ade tie gui hua yu liu ji shi shi guan jian ji shu@eR1线上海南站站改建工程@f北京城建设计研究总院有限责任公司编著@9di ... |
| 210 | @a北京@c中国建筑工业出版社@d2008 | |
| 215 | @a162页@c图, 地图@d26cm | |
| 330 | @a本书对上海南站站改建工程进行了介绍,涵盖了地铁设计及施工的所有相关专业,包括方案比选、设计技术、重点难点等内容。 | |
| 517 | 1 | @aR1线上海南站站改建工程@AR1 xian shang hai na zhan zhan gai jian gong cheng@9R1 xian shang hai nan zhan zhan gai jian gong cheng |
| 606 | 0 | @a地下铁道@Ade xia tie dao@x铁路工程@y上海市 |
| 690 | @aU231@v4 | |
| 711 | 02 | @a北京城建设计研究总院公司@Abei jing cheng jian she ji yan jiu zong yuan gong si@4编著@9bei jing cheng jian she ji yan jiu zong yuan gong si |
| 801 | 0 | @aCN@c20090301 |
| 905 | @b20803248-50@dU231@eB362@fU231/B362 | |
| 地铁规划预留及实施关键技术:R1线上海南站站改建工程/北京城建设计研究总院有限责任公司编著.-北京:中国建筑工业出版社,2008 |
| 162页:图, 地图;26cm |
| ISBN 978-7-112-10174-0:CNY30.00 |
| 本书对上海南站站改建工程进行了介绍,涵盖了地铁设计及施工的所有相关专业,包括方案比选、设计技术、重点难点等内容。 |
| ● |
| 相关链接 |
|
|
|
正题名:地铁规划预留及实施关键技术
索取号:U231/B362
 
预约/预借
| 序号 | 登录号 | 条形码 | 馆藏地/架位号 | 状态 | 备注 |
| 1 | 1232416 | 212324162 | 自科库501/501自科库 49排5列4层/ [索取号:U231/B362] | 在馆 | |
| 2 | 1232417 | 212324171 | 期刊室512/501自科库 49排5列4层/ [索取号:U231/B362] | 在馆 | |
| 3 | 1232418 | 212324180 | 自科库501/501自科库 49排5列4层/ [索取号:U231/B362] | 在馆 | |
| 4 | 803248 | 208032485 | 土木与交通工程学院资料室/201建筑库 46排7列2层/ [索取号:U231/B362] | 在馆 | |
| 5 | 803249 | 208032494 | 期刊室512/501自科库 49排5列4层/ [索取号:U231/B362] | 在馆 | |
| 6 | 803250 | 208032500 | 期刊室512/501自科库 49排5列4层/ [索取号:U231/B362] | 在馆 |